00326nam a2200133Ia 4500008004100000020001500041041000800056082001500064100001800079245004000097260003800137300000900175500000800184220803s9999 xx 000 0 und d a076191160X aeng a720.22 BIC aBickman L Ed. aValidity And Social Experimentation aNew DelhibSage Publicationc2000 a318p aRes